chanteurs francophones - Statistiques

Statistiques générales
  • Ce quiz a été pris 23 fois
  • Le résultat moyen est 5 sur 16
Statistiques - réponses
Par images Réponse % Correct
Jacques Higelin
71%
Louis Chedid
67%
William Sheller
67%
Arthur H
43%
Les Garçons Bouchers
38%
Arno
33%
Izia
33%
Yves Simon
33%
Abd Al Malik
24%
Les Parisiennes
24%
Miossec
24%
Angelique Kidjo
10%
Hervé Cristiani
10%
Jean Patrick Capdevielle
10%
Gerard Berliner
5%
Buzy
0%
Aucun quiz correspondant
Distribution des résultats
% des personnes avec chaque résultat
Percentile par nombre de réponses
Votre historique - résultats
Vous n’avez pas pris ce quiz